Marvel Comics Heroes - Statistics

General Stats
  • This quiz has been taken 476 times
  • The average score is 35 of 51
Answer Stats
Hint Answer % Correct
'Man' in an 'Iron' Suit. Iron Man
100%
Uses a Steel-Vibranium Shield. Captain America
98%
Gets Stronger when he gets Angrier. Hulk
98%
Weapon is named 'Mjolnir'. Thor
98%
Claws coated with Adamantium. Wolverine
96%
Founder of the X-Men. Professor X
95%
King of Wakanda. Black Panther
92%
Eyepatched Director of S.H.I.E.L.D. Nick Fury
90%
'Web-Head'. Spider-Man
90%
"Flame On!" Human Torch
89%
Blue-skinned Furry Eccentric. Beast
87%
Smart, stretching Fantastic Four Member. Mr Fantastic
87%
Usual Leader of the X-Men. Cyclops
86%
"It's Clobberin' Time!" Thing
86%
Fantastic Four Member whose powers include Forcefields. Invisible Woman
85%
'I am...' Groot
82%
Core Human Member of the Guardians of the Galaxy. Star-Lord
82%
Woman named Ororo - Lover of Above. Storm
81%
'Chilled' Member of the X-Men. Iceman
80%
Crazy Deformed 4th-Wall Breaker. Deadpool
79%
Colonel Rhodes' superhero name. War Machine
77%
Green-skinned Destroyer in the GotG. Drax
74%
High-flying Member of the X-Men. Angel
73%
Mystic Wielder of the Eye of Agamotto. Doctor Strange
73%
A talking, sarcastic Duck. Howard the Duck
72%
First holder of Alias 'Marvel Girl'. Jean Grey
72%
Gun-toting animal of the GotG. Rocket Raccoon
72%
Power-stealing X-Man with similar powers to Above. Rogue
72%
Former Herald of Galactus, uses the Power Cosmic. Silver Surfer
72%
Kree Captain, uses 'Nega-Bands'. Captain Marvel
71%
Russian with Organic Steel Skin. Colossus
71%
Lawyer cousin of Bruce Banner. She-Hulk
67%
Wheelchair-bound symbiote user. Agent Venom
66%
Female Superhero with similar Alias as Above. Ms Marvel
61%
Thaddeus Ross' Ironic Alias. Red Hulk
58%
Female Clone of Above. X-23
58%
Time-travelling X-Force founder. Cable
54%
Above's Alias after encounter with Apocalypse. Archangel
53%
"Imperius Rex!" Namor
53%
King of Attilan. Black Bolt
52%
Red haired wife of above. Medusa
46%
Love Interest of Tony Stark, alias while in a suit. Rescue
46%
'BAMF'. Nightcrawler
45%
Has Unstable Molecules in his blood. Ant-Man
37%
Magical Sister of Above. Magik
37%
Son of two of the Founders of the FF Franklin Richards
36%
Fashion Designer, Ex-Wife of Above. Wasp
35%
Clone Created by Miles Warren, Spider powers. Scarlet Spider
29%
Rick Jones after gaining powers. A-Bomb
25%
Tattooed combat master of the Inhumans. Karnak
22%
Daughter of two of the Founders of the FF Valeria Richards
19%
No matching quizzes found
Score Distribution
Percent of People with Each Score
Percentile by Number Answered
Your Score History
You have not taken this quiz